[Event "SD-2021-0-00322"]
[Site "LSS email"]
[Date "2021.10.28"]
[Round "?"]
[White "Stasilo, Tymoteusz"]
[Black "Endean, Andrew"]
[Result "1-0"]
[WhiteElo "1568"]
[BlackElo "1362"]
[PlyCount "54"]
[EventDate "2021.03.24"]
[EventType "tourn (corr)"]
[EventRounds "6"]
[EventCountry "GER"]
[SourceTitle "Corr 2024"]
[Source "ChessBase"]
[SourceDate "2023.10.19"]
[SourceVersion "1"]
[SourceVersionDate "2023.10.19"]
[SourceQuality "1"]

1. e4 c5 2. c4 Nc6 3. Nf3 e5 4. d3 Nf6 5. Nc3 d6 6. Be2 Be7 7. Nd5 Be6 8. 0-0 0-0 9. Bd2 Nd7 10. Rb1 f5 11. Nxe7+ Qxe7 12. Ng5 Nd4 13. Nxe6 Qxe6 14. exf5 Qxf5 15. Bg4 Qf7 16. b4 Nf6 17. Bf3 Rab8 18. bxc5 dxc5 19. Bc3 b6 20. Re1 Rfe8 21. Be4 Rbd8 22. f3 Nxe4 23. Rxe4 Qh5 24. Qa4 Qf7 25. Rbe1 Qh5 26. Bxd4 exd4 27. Rxe8+ Rxe8 1-0

[Event "SD-2021-0-00322"]
[Site "LSS email"]
[Date "2021.10.11"]
[Round "?"]
[White "Stasilo, Tymoteusz"]
[Black "Laduke, Matt"]
[Result "0-1"]
[WhiteElo "1568"]
[BlackElo "1591"]
[PlyCount "81"]
[EventDate "2021.03.24"]
[EventType "tourn (corr)"]
[EventRounds "6"]
[EventCountry "GER"]
[SourceTitle "Corr 2024"]
[Source "ChessBase"]
[SourceDate "2023.10.19"]
[SourceVersion "1"]
[SourceVersionDate "2023.10.19"]
[SourceQuality "1"]

1. d4 Nf6 2. c4 g6 3. f3 Nc6 4. d5 Ne5 5. e4 d6 6. Qe2 Bg7 7. f4 Ned7 8. e5 Ng8 9. Nf3 Nh6 10. Nc3 0-0 11. Bd2 c6 12. 0-0-0 cxd5 13. cxd5 b5 14. Nxb5 Nc5 15. Nbd4 Bd7 16. Kb1 Qb6 17. b4 Rfc8 18. Rc1 a5 19. b5 Nf5 20. Nc6 e6 21. g4 exd5 22. gxf5 Bxf5+ 23. Ka1 Rxc6 24. bxc6 Nb3+ 25. axb3 Qxb3 26. Be3 Qa3+ 27. Qa2 Qxe3 28. Bg2 dxe5 29. fxe5 Rb8 30. Rb1 Qc3+ 31. Rb2 Rb4 32. c7 a4 33. c8Q+ Bxc8 34. Rc1 Qxc1+ 35. Qb1 Qe3 36. Rxb4 Qa3+ 37. Qa2 Qxb4 38. Qb2 Qc5 39. Bf1 a3 40. Qd2 Bh6 41. Qd4 0-1

[Event "SD-2021-0-00321"]
[Site "LSS email"]
[Date "2021.09.14"]
[Round "?"]
[White "Borchardt, Petra"]
[Black "Stasilo, Tymoteusz"]
[Result "1/2-1/2"]
[WhiteElo "1426"]
[BlackElo "1568"]
[PlyCount "82"]
[EventDate "2021.02.13"]
[EventType "tourn (corr)"]
[EventRounds "6"]
[EventCountry "GER"]
[SourceTitle "Corr 2024"]
[Source "ChessBase"]
[SourceDate "2023.10.19"]
[SourceVersion "1"]
[SourceVersionDate "2023.10.19"]
[SourceQuality "1"]

1. e4 e5 2. Be2 Nf6 3. Nf3 d5 4. Nxe5 Bd6 5. d4 Nxe4 6. Nd2 Nxd2 7. Bxd2 0-0 8. 0-0 c5 9. Re1 Nc6 10. Nxc6 bxc6 11. dxc5 Bxc5 12. b4 Bd4 13. c3 Bb6 14. Bf3 Ba6 15. a4 Qf6 16. a5 Bc7 17. Be2 Bxe2 18. Qxe2 Bd6 19. Rac1 Rfd8 20. Be3 Re8 21. Qf1 Re6 22. g3 Be5 23. Bc5 a6 24. Qd3 Qg6 25. Qxg6 hxg6 26. c4 Bb2 27. cxd5 cxd5 28. Rxe6 fxe6 29. Rc2 Bf6 30. Bd6 g5 31. f3 g4 32. fxg4 d4 33. Kf2 e5 34. Kf3 Rd8 35. Bc5 Bg5 36. Rb2 d3 37. Rb1 Bd2 38. Bb6 Rd6 39. Bc5 Rd8 40. Bb6 Rd6 41. Bc5 Rd8 1/2-1/2

[Event "SD-2021-0-00321"]
[Site "LSS email"]
[Date "2021.09.14"]
[Round "?"]
[White "Stasilo, Tymoteusz"]
[Black "Zocchia, Luciano"]
[Result "0-1"]
[WhiteElo "1568"]
[BlackElo "1484"]
[PlyCount "104"]
[EventDate "2021.02.13"]
[EventType "tourn (corr)"]
[EventRounds "6"]
[EventCountry "GER"]
[SourceTitle "Corr 2024"]
[Source "ChessBase"]
[SourceDate "2023.10.19"]
[SourceVersion "1"]
[SourceVersionDate "2023.10.19"]
[SourceQuality "1"]

1. d4 d5 2. Nf3 Nf6 3. g3 c6 4. Bg2 Bf5 5. 0-0 e6 6. c4 Nbd7 7. Nh4 Be4 8. f3 Bg6 9. cxd5 cxd5 10. Nc3 Rc8 11. e4 Be7 12. Nxg6 hxg6 13. exd5 Nxd5 14. Nxd5 exd5 15. Bf4 0-0 16. Re1 Bb4 17. Re2 Nf6 18. a3 Ba5 19. Kh1 Qd7 20. Be5 Rfe8 21. Rb1 Bb6 22. Qd2 Nh7 23. Bf1 Qf5 24. Rbe1 Qxf3+ 25. Bg2 Qf5 26. Bxd5 Rcd8 27. Rf2 Qxf2 28. Qxf2 Rxd5 29. Bf4 Red8 30. Qf3 Nf6 31. Re7 g5 32. Bd2 g4 33. Qb3 Bxd4 34. Rxb7 Bb6 35. Be1 Re8 36. Bb4 Re3 37. Qc2 Rd8 38. Re7 Nd5 39. Rxe3 Nxe3 40. Qe2 Rd1+ 41. Be1 g5 42. h3 gxh3 43. Kh2 g4 44. Kh1 Bd4 45. Kh2 f5 46. a4 Rc1 47. Qd3 Rxe1 48. Qxd4 Nf1+ 49. Kg1 h2+ 50. Kg2 h1Q+ 51. Kxh1 Nd2+ 52. Kg2 Re2+ 0-1

[Event "SD-2021-0-00321"]
[Site "LSS email"]
[Date "2021.09.13"]
[Round "?"]
[White "Endean, Andrew"]
[Black "Stasilo, Tymoteusz"]
[Result "0-1"]
[WhiteElo "1441"]
[BlackElo "1568"]
[PlyCount "64"]
[EventDate "2021.02.13"]
[EventType "tourn (corr)"]
[EventRounds "6"]
[EventCountry "GER"]
[SourceTitle "Corr 2024"]
[Source "ChessBase"]
[SourceDate "2023.10.19"]
[SourceVersion "1"]
[SourceVersionDate "2023.10.19"]
[SourceQuality "1"]

1. d4 f5 2. c4 Nf6 3. Nc3 e6 4. e3 Be7 5. Bd3 Nc6 6. Nf3 0-0 7. 0-0 d6 8. b3 e5 9. dxe5 dxe5 10. e4 Kh8 11. Bb2 fxe4 12. Nxe4 Bf5 13. Qe2 Nd4 14. Nxd4 exd4 15. Rad1 Bxe4 16. Bxe4 Nxe4 17. Qxe4 c5 18. Rfe1 Bd6 19. Qxb7 Bxh2+ 20. Kxh2 Qh4+ 21. Kg1 Qxf2+ 22. Kh1 Qxb2 23. Re7 Qxa2 24. Rxg7 Qc2 25. Re1 Rae8 26. Rge7 Rxe7 27. Qxe7 Qf5 28. b4 cxb4 29. Qxb4 a5 30. Qb2 Qc5 31. Rc1 a4 32. Qc2 Qg5 0-1

[Event "SC-2020-0-00386"]
[Site "LSS email"]
[Date "2020.02.18"]
[Round "?"]
[White "Stasilo, Tymoteusz"]
[Black "Sofia, Gerardo"]
[Result "0-1"]
[WhiteElo "1610"]
[BlackElo "1672"]
[PlyCount "72"]
[EventDate "2019.12.06"]
[EventType "tourn (corr)"]
[EventRounds "6"]
[EventCountry "GER"]
[SourceTitle "Corr 2022"]
[Source "ChessBase"]
[SourceDate "2021.10.24"]
[SourceVersion "1"]
[SourceVersionDate "2021.10.24"]
[SourceQuality "1"]

1. d4 Nf6 2. Bg5 e6 3. e4 c5 4. d5 d6 5. Nc3 a6 6. Qd3 Be7 7. 0-0-0 e5 8. f4 h6 9. fxe5 hxg5 10. exf6 Bxf6 11. Nf3 Nd7 12. Kb1 b5 13. Ne2 g4 14. Nd2 Ne5 15. Qa3 Kf8 16. Ng3 Bd7 17. Qe3 a5 18. Nf5 g6 19. Ng3 a4 20. c3 Bg5 21. Qf2 Rb8 22. Rc1 b4 23. cxb4 Rxb4 24. a3 Rd4 25. Rc2 Kg7 26. Ka1 Qb6 27. Nb1 Rb8 28. Be2 Qb3 29. Ba6 Kg8 30. Re1 c4 31. Qxd4 Qxc2 32. Re2 Qb3 33. Qc3 Qb6 34. Qb4 Qc7 35. Qc3 Qa7 36. Bxc4 Rc8 0-1

[Event "OP-2019-0-04894"]
[Site "LSS email"]
[Date "2019.12.16"]
[Round "?"]
[White "Stasilo, Tymoteusz"]
[Black "Miklaszewski, Sylvain"]
[Result "0-1"]
[WhiteElo "1610"]
[BlackElo "1621"]
[PlyCount "86"]
[EventDate "2019.12.11"]
[EventType "tourn (corr)"]
[EventRounds "4"]
[EventCountry "GER"]
[SourceTitle "Corr 2022"]
[Source "ChessBase"]
[SourceDate "2021.10.24"]
[SourceVersion "1"]
[SourceVersionDate "2021.10.24"]
[SourceQuality "1"]

1. e4 c5 2. Nf3 d6 3. d4 cxd4 4. Nxd4 Nf6 5. Nc3 a6 6. Bc4 e6 7. Qe2 b5 8. Bd3 Be7 9. 0-0 0-0 10. Bd2 Qb6 11. Be3 Qc7 12. Rac1 Bb7 13. f3 Nbd7 14. a4 b4 15. Na2 d5 16. c3 b3 17. Nxb3 Bd6 18. Kh1 Bxh2 19. exd5 Nxd5 20. Rcd1 Nxe3 21. Qxe3 Bf4 22. Qd4 Nf6 23. Nac1 Rfd8 24. Qc5 Qb8 25. Bc2 Bd5 26. Qf2 Bxb3 27. Nxb3 Nh5 28. Rfe1 Ng3+ 29. Kg1 Rxd1 30. Rxd1 Qe5 31. Be4 Rb8 32. Qc5 Qf6 33. Bc2 g6 34. Kf2 Qh4 35. Qa7 Nf5+ 36. Ke2 Qg5 37. Bxf5 Rxb3 38. Be4 Qxg2+ 39. Kd3 Rxb2 40. Kc4 Rb8 41. Qxb8+ Bxb8 42. Rd8+ Kg7 43. Rxb8 h5 0-1

[Event "ZI-2019-0-02630"]
[Site "LSS email"]
[Date "2019.11.29"]
[Round "?"]
[White "Madrid Sole, Antonio"]
[Black "Stasilo, Tymoteusz"]
[Result "1-0"]
[WhiteElo "1863"]
[BlackElo "1606"]
[PlyCount "75"]
[EventDate "2019.11.16"]
[EventType "match (corr)"]
[EventRounds "2"]
[EventCountry "GER"]
[SourceTitle "Corr 2022"]
[Source "ChessBase"]
[SourceDate "2021.10.24"]
[SourceVersion "1"]
[SourceVersionDate "2021.10.24"]
[SourceQuality "1"]

1. d4 Nf6 2. Nf3 g6 3. Nbd2 d5 4. e3 e6 5. Bd3 c5 6. c3 Nc6 7. 0-0 Be7 8. dxc5 Bxc5 9. e4 0-0 10. exd5 Qxd5 11. Qe2 Rd8 12. Bc2 Be7 13. Re1 Qh5 14. Nf1 Qc5 15. Be3 Qa5 16. h3 Bd7 17. N1d2 Rac8 18. Bf4 Be8 19. Nc4 Qh5 20. Qf1 Qc5 21. Be3 Qh5 22. a4 Nd5 23. Bd2 g5 24. Rad1 g4 25. hxg4 Qxg4 26. Re4 Qg7 27. Rde1 h6 28. R1e2 Nf6 29. Rh4 Ng4 30. Rh3 Nb4 31. Ne3 Rxd2 32. Nxd2 Nxe3 33. Rexe3 Nxc2 34. Reg3 Bg5 35. f4 f6 36. fxg5 fxg5 37. Ne4 Bg6 38. Nf6+ 1-0

[Event "ZI-2019-0-02630"]
[Site "LSS email"]
[Date "2019.11.29"]
[Round "?"]
[White "Stasilo, Tymoteusz"]
[Black "Madrid Sole, Antonio"]
[Result "1/2-1/2"]
[WhiteElo "1606"]
[BlackElo "1863"]
[PlyCount "46"]
[EventDate "2019.11.16"]
[EventType "match (corr)"]
[EventRounds "2"]
[EventCountry "GER"]
[SourceTitle "Corr 2022"]
[Source "ChessBase"]
[SourceDate "2021.10.24"]
[SourceVersion "1"]
[SourceVersionDate "2021.10.24"]
[SourceQuality "1"]

1. Nf3 Nf6 2. d4 e6 3. Bg5 c5 4. e3 Be7 5. Be2 0-0 6. Nbd2 b6 7. 0-0 Bb7 8. c3 d6 9. Qc2 Nbd7 10. Bh4 Rc8 11. Rae1 Nh5 12. Bxe7 Qxe7 13. Qa4 a6 14. b4 b5 15. Qa5 cxd4 16. cxd4 Nhf6 17. a4 bxa4 18. Qxa4 Nd5 19. Qa3 Nc3 20. Bd3 Rc7 21. Kh1 Rfc8 22. Rc1 Nb8 23. Nb1 Nb5 1/2-1/2

[Event "OP-2019-0-04878"]
[Site "LSS email"]
[Date "2019.11.25"]
[Round "?"]
[White "Billio, Maria"]
[Black "Stasilo, Tymoteusz"]
[Result "1-0"]
[WhiteElo "2078"]
[BlackElo "1606"]
[PlyCount "85"]
[EventDate "2019.11.13"]
[EventType "tourn (corr)"]
[EventRounds "4"]
[EventCountry "GER"]
[SourceTitle "Corr 2022"]
[Source "ChessBase"]
[SourceDate "2021.10.24"]
[SourceVersion "1"]
[SourceVersionDate "2021.10.24"]
[SourceQuality "1"]

1. d4 Nf6 2. c4 g6 3. Nc3 Bg7 4. e4 d6 5. h3 0-0 6. Nf3 e5 7. d5 Na6 8. Bd3 Bd7 9. 0-0 Nh5 10. Bc2 Nf4 11. a3 Qf6 12. b4 g5 13. Nh2 Qg6 14. Ng4 h5 15. Ne3 g4 16. Nf5 Rae8 17. h4 Qf6 18. Rb1 Bh6 19. g3 Nh3+ 20. Kh2 Bxc1 21. Rxc1 Qg6 22. Ba4 Bxf5 23. exf5 Qxf5 24. Bxe8 Rxe8 25. f3 Qg6 26. Qc2 Qxc2+ 27. Rxc2 Rf8 28. fxg4 hxg4 29. Rf5 Kg7 30. Nd1 Kg6 31. Ne3 Rh8 32. c5 f6 33. cxd6 cxd6 34. Kg2 e4 35. Rc4 Re8 36. h5+ Kg7 37. Nxg4 Ng5 38. h6+ Kh8 39. Nxf6 Rf8 40. Rxg5 Rxf6 41. Rg7 Rxh6 42. Rxb7 Rg6 43. Rxa7 1-0

[Event "SD-2019-0-00306"]
[Site "LSS email"]
[Date "2019.11.23"]
[Round "?"]
[White "Lindenblatt, Ingo"]
[Black "Stasilo, Tymoteusz"]
[Result "0-1"]
[WhiteElo "1586"]
[BlackElo "1606"]
[PlyCount "42"]
[EventDate "2019.07.29"]
[EventType "tourn (corr)"]
[EventRounds "6"]
[EventCountry "GER"]
[SourceTitle "Corr 2022"]
[Source "ChessBase"]
[SourceDate "2021.10.24"]
[SourceVersion "1"]
[SourceVersionDate "2021.10.24"]
[SourceQuality "1"]

1. c4 c5 2. Nc3 Nc6 3. Nf3 Nf6 4. d4 cxd4 5. Nxd4 e6 6. Bf4 Bb4 7. Ndb5 e5 8. Bg5 0-0 9. a3 Bxc3+ 10. Nxc3 h6 11. Bh4 d6 12. e3 g5 13. Bg3 Bg4 14. Be2 Be6 15. 0-0 Qb6 16. Na4 Qd8 17. Qc2 Rc8 18. Rfd1 Qc7 19. Nc3 a6 20. Ne4 Nxe4 21. Qxe4 f5 0-1

[Event "SD-2019-0-00306"]
[Site "LSS email"]
[Date "2019.11.23"]
[Round "?"]
[White "Stasilo, Tymoteusz"]
[Black "Csaba, Fodor"]
[Result "0-1"]
[WhiteElo "1606"]
[BlackElo "1376"]
[PlyCount "80"]
[EventDate "2019.07.29"]
[EventType "tourn (corr)"]
[EventRounds "6"]
[EventCountry "GER"]
[SourceTitle "Corr 2022"]
[Source "ChessBase"]
[SourceDate "2021.10.24"]
[SourceVersion "1"]
[SourceVersionDate "2021.10.24"]
[SourceQuality "1"]

1. e4 e5 2. f4 exf4 3. Nf3 g5 4. h4 g4 5. Ne5 Nf6 6. d4 d6 7. Nd3 Nxe4 8. Bxf4 Bg7 9. Nc3 Nxc3 10. bxc3 0-0 11. Be2 f5 12. Bg5 Qe8 13. 0-0 Nd7 14. Re1 Qf7 15. Qc1 Re8 16. Bh6 Nf6 17. Bxg7 Qxg7 18. Nf4 Bd7 19. Rb1 b6 20. Bc4+ Kh8 21. Ne6 Bxe6 22. Rxe6 Rxe6 23. Bxe6 Re8 24. Bxf5 Nd5 25. Qd2 g3 26. Rf1 Qf6 27. Bh3 Qxh4 28. Qd3 Nf4 29. Qf5 Ne2+ 30. Kh1 Nxc3 31. d5 b5 32. Qf7 Qe7 33. Qxe7 Rxe7 34. Be6 b4 35. Rf8+ Kg7 36. Rg8+ Kf6 37. Rxg3 Nxa2 38. Rf3+ Ke5 39. Rf5+ Kd4 40. Rf4+ Kc3 0-1

[Event "OP-2019-0-04874"]
[Site "LSS email"]
[Date "2019.11.14"]
[Round "?"]
[White "Stasilo, Tymoteusz"]
[Black "Obrien, Glenn"]
[Result "1-0"]
[WhiteElo "1606"]
[BlackElo "1379"]
[PlyCount "77"]
[EventDate "2019.11.07"]
[EventType "tourn (corr)"]
[EventRounds "4"]
[EventCountry "GER"]
[SourceTitle "Corr 2022"]
[Source "ChessBase"]
[SourceDate "2021.10.24"]
[SourceVersion "1"]
[SourceVersionDate "2021.10.24"]
[SourceQuality "1"]

1. d4 Nf6 2. g3 d5 3. Bg2 c6 4. Nf3 Bf5 5. 0-0 e6 6. Bf4 Nbd7 7. Nbd2 Be7 8. c4 Qb6 9. b3 0-0 10. e3 Bd3 11. Re1 Qb4 12. a3 Qa5 13. c5 Ne4 14. b4 Qb5 15. Qb3 Qa6 16. a4 Bc4 17. Qb2 f5 18. Nxc4 dxc4 19. b5 Qa5 20. bxc6 bxc6 21. Qb7 Qd8 22. Qxc6 Kf7 23. Rab1 Rc8 24. Qxd7 Qxd7 25. Ne5+ Ke8 26. Nxd7 Kxd7 27. Rb7+ Kd8 28. Rxa7 g5 29. Be5 h5 30. a5 h4 31. a6 hxg3 32. fxg3 g4 33. Rb7 Ra8 34. Bxe4 fxe4 35. c6 Ke8 36. Rb8+ Rxb8 37. Bxb8 Rf5 38. Ra1 Ba3 39. Rxa3 1-0

[Event "SD-2018-0-00297"]
[Site "LSS email"]
[Date "2018.12.24"]
[Round "?"]
[White "Pech, Jaroslav Sr"]
[Black "Stasilo, Tymoteusz"]
[Result "0-1"]
[WhiteElo "1633"]
[BlackElo "1544"]
[PlyCount "58"]
[EventDate "2018.09.19"]
[EventType "tourn (corr)"]
[EventRounds "6"]
[EventCountry "GER"]
[SourceTitle "Corr 2022"]
[Source "ChessBase"]
[SourceDate "2021.10.24"]
[SourceVersion "1"]
[SourceVersionDate "2021.10.24"]
[SourceQuality "1"]

1. d4 Nf6 2. c4 g6 3. Nc3 Bg7 4. e4 d6 5. Nf3 0-0 6. Be2 e5 7. dxe5 dxe5 8. Qxd8 Rxd8 9. Bg5 Re8 10. Nd5 Nxd5 11. cxd5 c6 12. Bc4 cxd5 13. Bxd5 h6 14. Be3 Nd7 15. Bb3 Nf6 16. Nd2 b6 17. f3 Rd8 18. Kf2 Ba6 19. Rhc1 Rac8 20. Rxc8 Rxc8 21. a4 Rc7 22. Bd1 Nh5 23. g3 f5 24. a5 b5 25. Nb3 Bc8 26. exf5 gxf5 27. Rc1 Rxc1 28. Nxc1 a6 29. b4 Nf6 0-1

[Event "OP-2018-0-04687"]
[Site "LSS email"]
[Date "2018.12.09"]
[Round "?"]
[White "Stasilo, Tymoteusz"]
[Black "Vontina, Maria"]
[Result "1-0"]
[WhiteElo "1621"]
[BlackElo "845"]
[PlyCount "37"]
[EventDate "2018.12.01"]
[EventType "tourn (corr)"]
[EventRounds "4"]
[EventCountry "GER"]
[SourceTitle "Corr 2022"]
[Source "ChessBase"]
[SourceDate "2021.10.24"]
[SourceVersion "1"]
[SourceVersionDate "2021.10.24"]
[SourceQuality "1"]

1. e4 e6 2. d4 d5 3. Nd2 c5 4. exd5 Qxd5 5. dxc5 Bxc5 6. Ngf3 Nf6 7. Bc4 Qd8 8. 0-0 0-0 9. Qe2 a6 10. Ne4 Nxe4 11. Qxe4 Nd7 12. Bd3 Nf6 13. Qh4 g6 14. Bg5 Be7 15. Rad1 Nd5 16. c4 Bxg5 17. Nxg5 Nf6 18. Bxg6 fxg6 19. Rxd8 1-0

[Event "SE-2018-0-00282"]
[Site "LSS email"]
[Date "2018.08.31"]
[Round "?"]
[White "Verich, Oleg"]
[Black "Stasilo, Tymoteusz"]
[Result "0-1"]
[WhiteElo "1194"]
[BlackElo "1523"]
[PlyCount "74"]
[EventDate "2018.06.24"]
[EventType "tourn (corr)"]
[EventRounds "6"]
[EventCountry "GER"]
[SourceTitle "Corr 2022"]
[Source "ChessBase"]
[SourceDate "2021.10.24"]
[SourceVersion "1"]
[SourceVersionDate "2021.10.24"]
[SourceQuality "1"]

1. c4 c5 2. Nc3 Nc6 3. g3 g6 4. Bg2 Bg7 5. Nf3 Nf6 6. 0-0 0-0 7. d4 cxd4 8. Nxd4 Nxd4 9. Qxd4 d6 10. Qd3 Be6 11. b3 Bf5 12. Qd2 Ne4 13. Bxe4 Bxe4 14. Bb2 Bf5 15. e4 Bh3 16. Rfe1 Qa5 17. Rac1 e6 18. a3 Rad8 19. b4 Qh5 20. Qe2 Bg4 21. Qf1 Bf3 22. Rc2 f5 23. exf5 Qxf5 24. Rd2 d5 25. cxd5 exd5 26. Nd1 d4 27. Re7 Bf6 28. Rc7 Rfe8 29. Rc5 Qe6 30. h4 b6 31. Rc4 Qf5 32. Rcxd4 Bxd4 33. Rxd4 Qc2 34. Ne3 Qxb2 35. Qc4+ Kh8 36. Qf7 Qa1+ 37. Nf1 Qxd4 0-1

[Event "SE-2018-0-00281"]
[Site "LSS email"]
[Date "2018.08.20"]
[Round "?"]
[White "Stasilo, Tymoteusz"]
[Black "Koepcke, Klaus Peter"]
[Result "1-0"]
[WhiteElo "1523"]
[BlackElo "1381"]
[PlyCount "71"]
[EventDate "2018.06.01"]
[EventType "tourn (corr)"]
[EventRounds "6"]
[EventCountry "GER"]
[SourceTitle "Corr 2022"]
[Source "ChessBase"]
[SourceDate "2021.10.24"]
[SourceVersion "1"]
[SourceVersionDate "2021.10.24"]
[SourceQuality "1"]

1. e4 c5 2. Nf3 d6 3. d4 cxd4 4. Nxd4 Nf6 5. Nc3 a6 6. Bc4 e6 7. Qe2 Be7 8. 0-0 0-0 9. a3 Nc6 10. Nxc6 bxc6 11. e5 dxe5 12. Qxe5 Nd5 13. Bd2 Bf6 14. Qg3 Qb6 15. Rab1 Nxc3 16. Bxc3 Bxc3 17. Qxc3 Bb7 18. b4 Rfd8 19. Rfd1 Rxd1+ 20. Rxd1 Rd8 21. Rxd8+ Qxd8 22. Qe5 g6 23. Be2 Qd2 24. Qb8+ Kg7 25. Bf1 Qd7 26. c4 h5 27. c5 f6 28. Qa7 Kf7 29. Bxa6 Bc8 30. Qxd7+ Bxd7 31. b5 Ke7 32. b6 Kd8 33. a4 e5 34. Kf1 f5 35. h4 Be6 36. Bb7 1-0

[Event "SE-2018-0-00279"]
[Site "LSS email"]
[Date "2018.07.20"]
[Round "?"]
[White "Stasilo, Tymoteusz"]
[Black "Couspeyre, Thierry"]
[Result "1-0"]
[WhiteElo "1523"]
[BlackElo "1320"]
[PlyCount "79"]
[EventDate "2018.04.23"]
[EventType "tourn (corr)"]
[EventRounds "6"]
[EventCountry "GER"]
[SourceTitle "Corr 2022"]
[Source "ChessBase"]
[SourceDate "2021.10.24"]
[SourceVersion "1"]
[SourceVersionDate "2021.10.24"]
[SourceQuality "1"]

1. c4 c6 2. d4 d5 3. Nf3 Nf6 4. Nc3 e6 5. Bg5 Be7 6. e3 0-0 7. Rc1 Nbd7 8. Bd3 dxc4 9. Bxc4 Nd5 10. Bxe7 Qxe7 11. 0-0 N7f6 12. Bd3 b6 13. Nxd5 cxd5 14. Qc2 Rd8 15. Ne5 Qd6 16. Qc7 Qxc7 17. Rxc7 Bd7 18. Ba6 Be8 19. f3 Kf8 20. b4 Ng8 21. Bb7 Rab8 22. b5 Ne7 23. Nc6 Bxc6 24. bxc6 Nf5 25. Kf2 Nd6 26. Ba6 Ra8 27. Rc1 Ke8 28. g4 Rab8 29. Ke2 Ra8 30. Kd3 Rab8 31. e4 dxe4+ 32. fxe4 Nc8 33. Ke3 b5 34. Rb7 Nd6 35. Rxb8 Rxb8 36. c7 Ra8 37. Kd3 Kd7 38. e5 Nc8 39. Bxb5+ Ke7 40. Bc6 1-0

[Event "ZL-2018-0-02091"]
[Site "LSS email"]
[Date "2018.07.17"]
[Round "?"]
[White "Lauer, Frederic"]
[Black "Stasilo, Tymoteusz"]
[Result "0-1"]
[WhiteElo "1208"]
[BlackElo "1523"]
[PlyCount "48"]
[EventDate "2018.06.13"]
[EventType "match (corr)"]
[EventRounds "2"]
[EventCountry "GER"]
[SourceTitle "Corr 2022"]
[Source "ChessBase"]
[SourceDate "2021.10.24"]
[SourceVersion "1"]
[SourceVersionDate "2021.10.24"]
[SourceQuality "1"]

1. e4 c5 2. Nc3 d6 3. d4 cxd4 4. Qxd4 Nc6 5. Bb5 a6 6. Bxc6+ bxc6 7. Nf3 e5 8. Qd3 Nf6 9. Bg5 h6 10. Bxf6 Qxf6 11. 0-0-0 Be7 12. Kb1 0-0 13. h3 Rb8 14. Ka1 Rd8 15. Rhe1 Rd7 16. Ne2 d5 17. Ng3 d4 18. Nf5 Bf8 19. Nh2 Rdb7 20. b3 g6 21. Ng4 Qg5 22. Ng3 a5 23. Qd2 Qxd2 24. Rxd2 Bb4 0-1

[Event "ZL-2018-0-02091"]
[Site "LSS email"]
[Date "2018.07.17"]
[Round "?"]
[White "Stasilo, Tymoteusz"]
[Black "Lauer, Frederic"]
[Result "1-0"]
[WhiteElo "1523"]
[BlackElo "1208"]
[PlyCount "41"]
[EventDate "2018.06.13"]
[EventType "match (corr)"]
[EventRounds "2"]
[EventCountry "GER"]
[SourceTitle "Corr 2022"]
[Source "ChessBase"]
[SourceDate "2021.10.24"]
[SourceVersion "1"]
[SourceVersionDate "2021.10.24"]
[SourceQuality "1"]

1. d4 d6 2. Nf3 Nf6 3. g3 Bg4 4. Bg2 c6 5. Nc3 g6 6. e4 Bg7 7. h3 Bxf3 8. Qxf3 0-0 9. Be3 e5 10. 0-0-0 Qc7 11. dxe5 dxe5 12. h4 Nbd7 13. g4 Rad8 14. h5 Nb6 15. h6 Bh8 16. Bc5 Rxd1+ 17. Rxd1 Rd8 18. Bf1 Rxd1+ 19. Nxd1 Nfd7 20. Be7 Nc8 21. Bc4 1-0